000 00425nam a2200157Ia 4500
003 LK-CoDNM
005 20240827121120.0
008 010623t1937 xxu||||| |||| 00| 1 eng d
040 _aLK-CoDNM
_dLK-CoDNM
_eLK-CoDNM
041 _aeng
080 _a22
_bM49
245 _aAccounts of the Trade of the Portuguese Possessions in India 1926 to 1934
260 _bGovernor
_aDelhi
_c1937
300 _b33p. ; 27 cm
942 _cBK
999 _c98398
_d98398